Statistics for Какие страны в Hearts of Iron 4 со всеми DLC имеют ветви фокуса?

Click here to take the quiz!

General Stats

  • This quiz has been taken 194 times
    (110 since last reset)
  • The average score is 30 of 41

Answer Stats

Страна% Correct
Россия(СССР)
100%
США
98%
Германия(Третий Рейх)
96%
Великобритания
95%
Япония
95%
Китай
95%
Италия
93%
Канада
93%
Франция
92%
Финляндия
92%
Норвегия
91%
Швеция
91%
Испания
90%
Югославия
86%
Дания
85%
Португалия
83%
Турция
83%
Румыния
82%
Польша
82%
Венгрия
82%
Греция
81%
Мексика
81%
Нидерланды
81%
Австралия
80%
Швейцария
80%
Латвия
79%
Литва
79%
Эстония
78%
Британская Индия
75%
Болгария
72%
Чехословакия
69%
Эфиопия
69%
Коммунистический Китай
56%
Новая Зеландия
52%
Маньчжоу-Го
44%
Южная Африка
38%
Шаньси
21%
Синьцзянь
17%
Сибэй Сань Ма
16%
Гуансийская Клика
16%
Юньнань
9%

Score Distribution

Percentile by Number Answered

Percent of People with Each Score

Your Score History

You have not taken this quiz since the last reset